|
|
|
|
| LEADER |
01218nam a2200265 a 4500 |
| 001 |
228113184 |
| 008 |
100110s2001 th a 100 0 eng d |
| 020 |
|
|
|a 9748830578
|
| 020 |
|
|
|a 9789748830575
|
| 040 |
|
|
|a WAU
|c WAU
|d DGU
|d BD-DhAAL
|
| 082 |
0 |
0 |
|a 291.1/7873
|2 21
|
| 111 |
2 |
|
|a Interfaith Conference on the Culture of Peace
|d (2000 :
|c Dhaka, Bangladesh)
|
| 245 |
1 |
0 |
|a Interfaith Conference on the Culture of Peace :
|b celebrating A.M.A.N.'s ten years of relevance in international solidarity, networking and peace-work /
|c edited by Mucha-Shim Arquiza, M. Abdus Sabur.
|
| 260 |
|
|
|a Bangkok, Thailand :
|b Asian Muslim Action Network,
|c 2001.
|
| 300 |
|
|
|a viii, 325 p. :
|b ill. ;
|c 21 cm
|
| 541 |
1 |
|
|e 00010908
|
| 650 |
|
0 |
|a Peace
|x Religious aspects
|v Congresses
|
| 650 |
|
0 |
|a Peace
|x Religious aspects
|x Islam
|v Congresses
|
| 651 |
|
0 |
|a Asia
|x Social conditions
|y 20th century
|v Congresses
|
| 700 |
1 |
|
|a Arquiza, Mucha-Shim
|
| 700 |
1 |
|
|a Sabur, M. Abdus
|
| 710 |
2 |
|
|a Asian Muslim Action Network
|
| 852 |
4 |
|
|a Ayesha Abed Library
|j General shelf
|
| 999 |
|
|
|c 6825
|d 6825
|
| 952 |
|
|
|0 0
|1 0
|2 ddc
|4 0
|6 291_178730000000000_INT_2001
|7 0
|9 7032
|a BRACUL
|b BRACUL
|c GEN
|d 2010-01-11
|l 0
|o 291.17873 INT
|p 3010010908
|r 2010-01-11
|t 1
|w 2010-01-11
|y BK
|